The interaction between nutrition and metabolism in West African dwarf goats, infected with trypanosomes

In a series of experiments the interaction between nutrition and energy- and nitrogen metabolism of West African Dwarf goats, infected with trypanosomes was studied. Animals were injected with trypanosomes, and feed intake, energy and nitrogen balance and blood metabolites and hormones were measured...

Fuld beskrivelse

Đã lưu trong:
Bibliografiske detaljer
Hovedforfatter: Dam, J.T.P. van
Format: Bog
Sprog:Undetermined
Udgivet: Netherlands Wageningen University 1996
Fag:
Tags: Tilføj Tag
Ingen Tags, Vær først til at tagge denne postø!
Thư viện lưu trữ: Trung tâm Học liệu Trường Đại học Cần Thơ
LEADER 01001nam a2200205Ia 4500
001 CTU_236144
008 210402s9999 xx 000 0 und d
082 |a 636.39 
082 |b D154 
100 |a Dam, J.T.P. van 
245 4 |a The interaction between nutrition and metabolism in West African dwarf goats, infected with trypanosomes 
245 0 |c J.T.P. van Dam 
260 |a Netherlands 
260 |b Wageningen University 
260 |c 1996 
520 |a In a series of experiments the interaction between nutrition and energy- and nitrogen metabolism of West African Dwarf goats, infected with trypanosomes was studied. Animals were injected with trypanosomes, and feed intake, energy and nitrogen balance and blood metabolites and hormones were measured for a period of six weeks post infection. Trypanosoma vivax infection caused fever and anaemia. 
650 |a Dê,Goats 
650 |x Chăn nuôi,Breeding 
910 |b nthai 
980 |a Trung tâm Học liệu Trường Đại học Cần Thơ